000 00926nam a2200289 4500
001 4033198
005 20141008095454.0
007 000
008 000
010 _a 98018180
020 _a0697354393
040 _aUOEL
_cDLC
_dDLC
050 0 0 _aQR41.2
_b.P74 1999
082 0 0 _a579
_221
100 1 _aPrescott, Lansing M.
245 1 0 _aMicrobiology /
_cLansing Prescott, John P. Harley, Donald A. Klein.
250 _a4th ed.
260 _aBoston, Mass. :
_bWCB/McGraw-Hill,
_cc1999.
300 _axxvi, 963, [94] p. :
_bill. (some col.) ;
_c28 cm.
504 _aIncludes bibliographical references and index.
650 0 _aMicrobiology.
_xMicrobiology
700 1 _aHarley, John P.
700 1 _aKlein, Donald A.,
_d1935-
906 _a7
_bcbc
_corignew
_d1
_eocip
_f19
_gy-gencatlg
942 _2lcc
_cSL2
999 _c692
_d692